Statistics for UEFA Champions League 2019-20 Round of 16 Starting XI

Click here to take the quiz!

General Stats

  • This quiz has been taken 2,297 times
  • The average score is 122 of 176

Answer Stats

TeamPlayer% Correct
Paris Saint-GermainKeylor Navas
96%
Paris Saint-GermainKylian Mbappé
96%
Paris Saint-GermainNeymar
96%
Tottenham HotspurDele Alli
94%
Borussia DortmundErling Braut Haaland
94%
Atletico MadridJan Oblak
94%
FC BarcelonaLionel Messi
94%
LiverpoolMohamed Salah
94%
LiverpoolAlisson
93%
Paris Saint-GermainÁngel Di María
93%
LiverpoolSadio Mané
93%
Manchester CityBernardo Silva
92%
FC BarcelonaMarc-André ter Stegen
92%
LiverpoolRoberto Firmino
92%
Paris Saint-GermainThiago Silva
92%
LiverpoolVirgil van Dijk
92%
LiverpoolAndrew Robertson
91%
Tottenham HotspurHugo Lloris
91%
LiverpoolJordan Henderson
91%
Paris Saint-GermainMarco Verratti
91%
LiverpoolTrent Alexander-Arnold
91%
FC BarcelonaAntoine Griezmann
90%
JuventusCristiano Ronaldo
90%
Manchester CityEderson
90%
Real MadridLuka Modrić
90%
Bayern MunichManuel Neuer
90%
Bayern MunichRobert Lewandowski
90%
Real MadridThibaut Courtois
90%
Bayern MunichAlphonso Davies
89%
Tottenham HotspurBen Davies
89%
Bayern MunichDavid Alaba
89%
LiverpoolFabinho
89%
Borussia DortmundJadon Sancho
89%
Real MadridKarim Benzema
89%
Manchester CityKevin De Bruyne
89%
Paris Saint-GermainMarquinhos
89%
Manchester CityRiyad Mahrez
89%
LiverpoolGeorginio Wijnaldum
88%
FC BarcelonaGérard Piqué
88%
FC BarcelonaIvan Rakitić
88%
Real MadridSergio Ramos
88%
Real MadridCasemiro
87%
Manchester CityGabriel Jesus
87%
LiverpoolJoe Gomez
87%
Real MadridRaphael Varane
87%
Real MadridVinícius Júnior
87%
Borussia DortmundAchraf Hakimi
86%
AtalantaAlejandro Gómez
86%
Manchester CityBenjamin Mendy
86%
Real MadridFerland Mendy
86%
FC BarcelonaFrenkie de Jong
86%
Manchester CityIlkay Gündogan
86%
ValenciaMaxi Gómez
86%
Borussia DortmundThorgan Hazard
86%
Real MadridDani Carvajal
85%
Bayern MunichKingsley Coman
85%
Manchester CityKyle Walker
85%
Borussia DortmundMats Hummels
85%
Paris Saint-GermainPresnel Kimpembe
85%
JuventusMiralem Pjanic
84%
Bayern MunichThiago Alcântara
84%
ChelseaAntonio Rüdiger
83%
Bayern MunichBenjamin Pavard
83%
Real MadridFederico Valverde
83%
ChelseaJorginho
83%
ChelseaMateo Kovačić
83%
JuventusMatthijs de Ligt
83%
JuventusPaulo Dybala
83%
Bayern MunichSerge Gnabry
83%
Paris Saint-GermainThomas Meunier
83%
Tottenham HotspurDavinson Sánchez
82%
Paris Saint-GermainIdrissa Gueye
82%
Bayern MunichJoshua Kimmich
82%
JuventusJuan Cuadrado
82%
Manchester CityRodri
82%
FC BarcelonaSergio Busquets
82%
Atletico MadridStefan Savić
82%
JuventusLeonardo Bonucci
81%
FC BarcelonaSamuel Umtiti
81%
ChelseaAndreas Christensen
80%
FC BarcelonaArturo Vidal
80%
ChelseaCésar Azpilicueta
80%
Manchester CityNicolas Otamendi
80%
NapoliDries Mertens
79%
Atletico MadridKoke
79%
NapoliDavid Ospina
78%
Bayern MunichJérôme Boateng
78%
JuventusAlex Sandro
77%
Manchester CityAymeric Laporte
77%
Borussia DortmundRaphaël Guerreiro
77%
Borussia DortmundRoman Bürki
77%
Bayern MunichThomas Müller
77%
Atletico MadridThomas Partey
77%
Borussia DortmundAxel Witsel
76%
NapoliLorenzo Insigne
76%
JuventusAdrien Rabiot
75%
Tottenham HotspurSerge Aurier
75%
ChelseaOlivier Giroud
74%
Tottenham HotspurLucas Moura
73%
ChelseaMarcos Alonso
73%
ChelseaMason Mount
73%
FC BarcelonaNelson Semedo
73%
LyonAnthony Lopes
72%
JuventusDanilo
72%
ChelseaReece James
72%
Atletico MadridSaúl Ñíguez
71%
RB LeipzigTimo Werner
71%
JuventusRodrigo Bentancur
70%
ChelseaWilly Caballero
70%
Atletico MadridÁlvaro Morata
69%
Real MadridIsco
69%
Tottenham HotspurToby Alderweireld
69%
Atletico MadridThomas Lemar
68%
JuventusWojciech Szczęsny
68%
Atletico MadridÁngel Correa
67%
RB LeipzigMarcel Sabitzer
67%
NapoliKostas Manolas
66%
NapoliPiotr Zieliński
66%
AtalantaJosip Iličić
65%
RB LeipzigPéter Gulácsi
65%
ValenciaGeoffrey Kondogbia
64%
Borussia DortmundEmre Can
62%
LyonMoussa Dembélé
62%
RB LeipzigPatrik Schick
61%
RB LeipzigChristopher Nkunku
60%
NapoliMário Rui
58%
Atletico MadridŠime Vrsaljko
58%
Atletico MadridRenan Lodi
57%
LyonJason Denayer
55%
Paris Saint-GermainLayvin Kurzawa
54%
Borussia DortmundDan-Axel Zagadou
53%
Atletico MadridFelipe
53%
NapoliJosé Callejón
53%
LyonKarl Toko Ekambi
53%
AtalantaRobin Gosens
53%
RB LeipzigAngeliño
50%
ValenciaGonçalo Guedes
50%
LyonHoussem Aouar
50%
NapoliFabián Ruiz
49%
RB LeipzigKonrad Laimer
49%
Borussia DortmundŁukasz Piszczek
49%
Tottenham HotspurGiovani Lo Celso
48%
LyonMarçal
48%
ValenciaDaniel Wass
45%
NapoliGiovanni Di Lorenzo
45%
RB LeipzigNordi Mukiele
45%
Tottenham HotspurHarry Winks
44%
RB LeipzigLukas Klostermann
44%
AtalantaMario Pašalić
44%
AtalantaMarten de Roon
44%
LyonMarcelo
43%
ValenciaDani Parejo
41%
AtalantaRemo Freuler
41%
AtalantaHans Hateboer
38%
LyonBruno Guimarães
36%
LyonMaxwel Cornet
36%
Tottenham HotspurSteven Bergwijn
36%
ValenciaJosé Luis Gayà
35%
NapoliDiego Demme
34%
LyonLéo Dubois
34%
AtalantaPierluigi Gollini
33%
ValenciaFerran Torres
29%
RB LeipzigMarcel Halstenberg
29%
AtalantaRafael Tolói
29%
ValenciaCarlos Soler
28%
ValenciaEliaquim Mangala
26%
Tottenham HotspurGedson Fernandes
26%
AtalantaBerat Djimsiti
25%
ValenciaMouctar Diakhaby
24%
FC BarcelonaJunior Firpo
23%
NapoliNikola Maksimović
22%
AtalantaJosé Luis Palomino
21%
LyonLucas Tousart
20%
RB LeipzigEthan Ampadu
18%
ChelseaRoss Barkley
14%
ValenciaJaume Doménech
10%

Score Distribution

Percentile by Number Answered

Percent of People with Each Score

Your Score History

You have not taken this quiz